| 000 | 03689nam a22003257a 4500 | ||
|---|---|---|---|
| 005 | 20120106120923.0 | ||
| 010 | _aB-467863-872 | ||
| 020 |
_a9788190689670 _c200.00 |
||
| 035 | _aB-467863-872 | ||
| 037 | _bब्लूबेरी बुक्स | ||
| 082 | _aक | ||
| 100 |
_aदेवेंद्र कुमार _948331 |
||
| 245 |
_aशेक्सपियर की विश्व प्रसिद्ध कहानियाँ / _bदेवेंद्र कुमार |
||
| 260 |
_aदिल्ली _bगैलेक्सी पब्लिशर्स _c2011 |
||
| 270 |
_aआत्माराम बिल्डिंग, ग्राउंड फ्लोर, 1362, कश्मीरी गेट _bदिल्ली _e110006 |
||
| 300 |
_a71पृ. _bसचित्र _c24सेमी(सजिल्द) |
||
| 942 |
_2ddc _cCH _hक _mदेवेंद्र |
||
| 999 |
_c60445 _d60445 |
||